Quiz sul Kirghizistan - Statistics

Statistiche generali
  • Questo quiz è stato fatto 438 volte
    436 dall'ultimo reset
  • Il punteggio medio è 8 su 17
Statistiche sulle risposte
Hint Risposta % Corretto
Unico paese confinante il cui nome non termina con "-stan" Cina
93%
Seconda lingua più parlata dopo il Kirghizistan Russo
89%
Paese da cui il Kirghizistan ha ottenuto l'indipendenza nel 1991 Unione Sovietica
87%
Capitale del Kirghizistan Bishkek
79%
Il Kirghizistan è più lontano dal ____ di qualsiasi altro paese Mare
74%
Metallo che comprende il 43% delle esportazioni del Kirghizistan Oro
70%
Rivoluzione del 2005 che ha portato al rovesciamento del presidente Askar Akayev (suggerimento: un fiore) Rivoluzione dei {Tulipani}
46%
Secondo gruppo etnico, circa il 14,7% della popolazione Uzbeko
46%
Tipo di abitazione mobile raffigurato sulla bandiera Yurt
44%
Modo illegale, ma ancora praticato, di ottenere una sposa conosciuto come "Ala kachuu" Rapimento
41%
"Ulak tartysh" è uno sport in cui i giocatori a cavallo si cimentano nello spingere la carcassa di questo animale oltre una linea Capra (o a volte un Vitello)
40%
Valuta del Kirghizistan Som
29%
Catena montuosa che copre il Kirghizistan orientale {Tian} Shan
28%
Seconda città più grande (suggerimento: 3 lettere) Osh
25%
Lago principale che si trova interamente in Kirghizistan {Issyk}-Kul
22%
Poema epico che racconta la formazione del popolo kirghiso (in versi 20 volte più lungo dell'Odissea e l'Iliade di Omero messe insieme!) Epopea di {Manas}
18%
La regione di Arslanbob contiene la più grande foresta di questo tipo di albero da frutto Noce
18%
Nessun quiz corrispondente trovato
Distribuzione punteggi
Percentuale di utenti per punteggio
Percentile per numero di risposta
I tuoi punteggi nel tempo
Non hai fatto questo quiz dall'ultimo reset